Most Liked Kpop Music Videos Quiz - Statistics

General Stats
  • This quiz has been taken 294 times
  • The average score is 7 of 20
Answer Stats
Likes Song Title % Correct
11, 809, 495 Gangnam Style
76%
1, 352, 139 Bang Bang Bang
55%
1, 349, 100 Fantastic Baby
52%
876, 929 Boombayah
51%
1, 183, 050 Fire
51%
4, 071,103 Gentleman
49%
1, 212, 809 Dope
47%
1, 443, 374 Blood Sweat and Tears
42%
848, 543 I Am The Best
38%
946, 094 I Got A Boy
37%
837, 390 Growl
32%
804,592 TT
32%
1, 149, 989 Monster
31%
961, 296 Overdose
28%
1, 046, 505 Call Me Baby
23%
870, 730 Save Me
22%
841, 274 Loser
19%
808, 974 Just Right
18%
879, 559 Good Boy
8%
827, 394 Fxxk It
5%
No matching quizzes found
Score Distribution
Percent of People with Each Score
Percentile by Number Answered
Your Score History
You have not taken this quiz